000 00737cam a2200217 a 4500
001 000010081
005 20200929161832.0
008 760326s1961 ve 000 0 spa
040 _aDO-SdBNP
_bspa
_cLC
_dBNPHU
082 _aV862.44
_bG745t
100 1 _aGramcko, Ida.
_93932
245 1 0 _aTeatro /
_cprologo Rafael Pineda.
260 _aCaracas :
_bMinisterio de Educación, Dirección de Cultura y Bellas Artes, Departamento de Publicaciones,
_c1961.
300 _a411 p. ;
_c18 cm.
490 1 _aBiblioteca Popular Venezolana,
_v76
650 4 _aTeatro cubano
_924517
650 4 _aLiteratura cubana
_ySIGLO XX
_99186
830 0 _aBiblioteca Popular Venezolana,
_v76
_95061
910 _aCatalogación por copia / LC
049 _aBNGR
999 _c9840
_d9840